00719nam a2200205 i 4500001001100000003000500011005001700016008004100033040002500074082002300099245004300122264007800165300005100243336002100294337002500315338002300340500006500363650003500428700005000463C2-0335155PPAK20180728134655.0151221s2011 my a|||| ||||| | may d aPPAKbengcPPAKerda04a390.220959511222300aPameran Dirgahayu Ke Bawah Duli Tuanku 1aKulim, Kedah : bPerpustakaan Politeknik Tuanku Sultanah Bahiyah , c2011 a1 volume (unpaged) : billustrations ; c30 cm 2rdacontentatext 2rdamediaaunmediated 2rdacarrieravolume aPameran telah berlangsung pada 17 Januari - 24 Februari 201110aRoyalist - Exhibitions - Kedah0 aPoliteknik Tuanku Sultanah Bahiyah, ecompile